| 000 | 00745nam a22001815i 4500 | ||
|---|---|---|---|
| 001 | 160749 | ||
| 003 | ES-MaACL | ||
| 005 | 20230906212123.0 | ||
| 008 | 041014s1886 fr |||| | fre d | ||
| 040 |
_aCAM _bspa _cCAM |
||
| 100 | 0 |
_aNonio Marcelo. _9130518 |
|
| 245 | 1 | 0 |
_aNonius Marcellus _b: collation de plusieurs manuscrits de Paris, de Genéve & de Berne par H. Meylan; suivie d'une notice sur les principaux manuscrits de Nonius pour les livres I, II et III par Louis Havet. |
| 260 |
_aParis : _bF. Vieweg libraire-éditeur, _c1886 ( _eMacon : _fImprimerie Typ. et Lith. Protat frères) |
||
| 300 |
_a188 p. ; _c24 cm. |
||
| 700 | 1 | 1 |
_aMaylan, H. _9129757 |
| 700 | 1 | 1 |
_aHavet, Louis. _9127818 |
| 852 |
_aES-MaACL _jC-7595 _z-- Enc. hol. |
||
| 999 |
_c160749 _d160749 |
||